Повести

গ্রন্থ-পঞ্জীর বিবরন
প্রধান লেখক: Тендряков В. Ф. Владимир Федорович
ভাষা:রুশ
প্রকাশিত: Москва, Советская Россия, 1982
বিষয়গুলি:
বিন্যাস: MixedMaterials গ্রন্থ
KOHA link:https://koha.lib.tpu.ru/cgi-bin/koha/opac-detail.pl?biblionumber=150570

MARC

LEADER 00000nam0a2200000 4500
001 150570
005 20231101221508.0
020 |a RU  |b 82-75543 
035 |a (RuTPU)RU\TPU\book\163249 
090 |a 150570 
100 |a 20090113d1982 m y0rusy5003 ca 
101 0 |a rus 
102 |a RU 
105 |a y z 000ay 
200 1 |a Повести  |f В. Ф. Тендряков 
210 |a Москва  |c Советская Россия  |d 1982 
215 |a 416 с.  |d 20 см 
610 1 |a повести 
610 1 |a деревня 
610 1 |a русская литература 
675 |a Р2  |z rus  |v 3 
700 1 |a Тендряков  |b В. Ф.  |c российский писатель  |f 1923-1984  |g Владимир Федорович  |2 stltpush  |3 (RuTPU)RU\TPU\pers\14238  |9 4694 
801 0 |a RU  |b RuMRKP  |c 19950704  |g psbo 
801 1 |a RU  |b 63413507  |c 20090113  |g PSBO 
801 2 |a RU  |b 63413507  |c 20090527  |g PSBO 
942 |c BK